Functions and graphs
Αποθηκεύτηκε σε:
| Κύριοι συγγραφείς: | , , |
|---|---|
| Μορφή: | Βιβλίο |
| Γλώσσα: | English |
| Δημοσίευση: |
Mineola, N.Y. :
Dover Publications,
2002.
|
| Σειρά: | Dover books on mathematics
|
| Θέματα: | |
| Ετικέτες: |
Προσθήκη ετικέτας
Δεν υπάρχουν, Καταχωρήστε ετικέτα πρώτοι!
|
MARC
| LEADER | 00000nam a2200000 a 4500 | ||
|---|---|---|---|
| 001 | 1/112382 | ||
| 008 | 161128r20021969nyu| ||| |||| ||eng|| | ||
| 020 | |a 9780486425641 | ||
| 020 | |a 0486425649 | ||
| 040 | |a GR-MyUa |b gre |c GR-MyUa |e AACR2 | ||
| 041 | 1 | |a eng | |
| 082 | 7 | |a 515 |2 (23) | |
| 100 | 1 | |a Gelfand, I. M. |q (Izrail Moiseevich) | |
| 245 | 1 | 0 | |a Functions and graphs / |c I.M. Gelfand, E.G. Glagoleva & E.E. Schnol ; translated and adapted by Thomas Walsh and Randell Magee. |
| 260 | |a Mineola, N.Y. : |b Dover Publications, |c 2002. | ||
| 300 | |a v, 105 σ. : |b σχέδια ; |c 22 εκ. | ||
| 490 | 1 | |a (Dover books on mathematics) | |
| 500 | |a Reprint ed. :Functions and graphs vol. 2, Libraryof School Mathematics), pub. by M.I.T. Press, in 1969. | ||
| 650 | 0 | |a Functions. | |
| 650 | 0 | |a Graphic methods. | |
| 700 | 1 | |a Glagoleva, E. G. |q (Elena Georgievna) |e aut | |
| 700 | 1 | |a Schnol, E. E. |q (Emmanuil El'evich) |e aut | |
| 830 | 0 | |a Dover books on mathematics | |
| 852 | |a INST |b SAMOS |e 20161128 |h 515 GEL |p 005300043982 |q 005300043982 |t BK |y 0 | ||
| 922 | |a 3ΕΛΗ |b 201610 |c Τμήμα Μαθηματικών/Μεταπτυχιακό |d Bookpath | ||
| 970 | |a Κοσιέρης |b Χρήστος |z 28-11-2016 | ||